| 000 | 01875nam0a2200445 4500 | ||
|---|---|---|---|
| 001 | RU\NLR\BIBL_A\012193114 | ||
| 005 | 20220302151325.0 | ||
| 010 |
_a978-5-907255-55-5 _9400 |
||
| 021 |
_aRU _bКН-П-19-099241 _9КН-П-19-7293 |
||
| 035 | _a(NLR Aleph) 012193114 | ||
| 035 | _a(RuMoRGB)010211713 | ||
| 090 |
_a12299473 _c12299473 |
||
| 100 | _a20200130d2020 u y0rusy50 ca | ||
| 101 | 1 |
_arus _cund |
|
| 102 | _aRU | ||
| 105 | _aa zzzz||000zy | ||
| 181 | 0 |
_ai _baxxe |
|
| 182 | 0 | _an | |
| 200 | 1 |
_aВсе оттенки порока _e[перевод] _fЭрих Фромм, Симона Бовуар |
|
| 203 |
_aТекст _bвизуальный _cнепосредственный |
||
| 210 |
_aМосква _cРодина _d2020 [т.е. 2019] |
||
| 215 |
_a301, [2] с. _cил. _d22 |
||
| 225 | 1 | _aФилософский поединок | |
| 300 | _aНа 4-й с. обл. авт.: Эрих Фромм, нем. социолог и философ, Симона Бовуар, фр. философ | ||
| 300 | _aФактическая дата выхода в свет - 2019 | ||
| 606 | 1 |
_aНеофрейдизм _yСоединенные Штаты Америки _2nlr_sh1 _2nlr_sh2 _3RU\NLR\AUTH\661323434 |
|
| 606 | 1 |
_aПоловые извращения _xФилософско-психологический аспект _2nlr_sh1 _2nlr_sh2 _3RU\NLR\AUTH\661324108 |
|
| 686 | 1 | _aЮ3(7США)6-736.5 | |
| 686 | 1 | _aЮ91(7США)6-736.5 | |
| 686 | 1 | _aЮ937.3-342.1 | |
| 686 | 1 | _aЮ216.22 | |
| 686 | 1 | _aЮ3(4Фр)63 | |
| 700 | 1 |
_aФромм _bЭ. _f1900-1980 _gЭрих _3RU\NLR\AUTH\7717063 |
|
| 701 | 1 |
_aБовуар _bС. де _f1908-1986 _gСимона де _3RU\NLR\AUTH\774234 |
|
| 942 | _cBOOK | ||
| 980 | _aSUPPRESS | ||
| 980 | _aNBR | ||
| 980 | _aNB | ||